000 00398nam a2200169Ia 4500
001 23808
003 IN-NITTTR
005 20251114233306.0
008 251113s9999||||xx |||||||||||||| ||eng||
040 _beng
040 _cIN-NITTTR
041 _aeng
082 _a697 G85B
100 _aGreeno, Roger
245 0 _aBuilding services, technology and design. /
_cGreeno, Roger
942 _2ddc
_cBK
999 _c26437
_d26437